000 00853nam a22002530i 4500
001 20426
003 VRT
005 20260122130629.0
008 090724s1995 SK r 000 slo d
020 _a8088834538
035 _a(SVKBBclas03)vtls000019451
040 _aSVKBB
_bslo
_cSVKBB
_eAACR2
041 0 _aslo
080 _a885.4-93-32
100 1 _aTajovský, Jozef Gregor,
_d1874-1940
245 1 0 _aHorký chlieb
_bVýber z tvorby
_cJozef Gregor Tajovský
260 _aRohovce
_bInterpopulart Slovakia
_c[1995]
300 _a121 s.
_blit.
_c19 cm
500 _aŠtudentská knižnica 54. Séria: Slovenská realistická próza
655 7 _aslovenské poviedky pre mládež
_2hŠVKBB
942 _2ddc
_cKLDO
_n0
949 _6270001000092759
_asvkbbA 94687
_bsvkbbm 612605
949 _6270001000066136
_asvkbbA 94687-a
_bsvkbbm 613239
_ooprava väzby
999 _c20426
_d20426